000 00471nam a2200181Ia 4500
003 LK-CoDNM
008 010623t1960 xxu||||| |||| 00| 1 sin d
040 _aLK-CoDNM
_dLK-CoDNM
_eLK-CoDNM
041 _asin
080 _a37
_bPAS
245 _aපාසැල් පිළිබඳ නියම තත්වය
246 _aPasal Pilibanda Niyama Thathvaya
260 _b
_c1960
300 _b22, 18.5 cm
650 _aEducation
650 _aSchool
942 _cBK
999 _c105395
_d105395